Подробности
| 000 -МАРКЕР |
| контрольное поле |
01259nam0a22002891 4500 |
| 001 - ИДЕНТИФИКАТОР ЗАПИСИ |
| контрольное поле |
rc\688581 |
| 005 - ИДЕНТИФИКАТОР ВЕРСИИ |
| контрольное поле |
20230413111402.0 |
| 035 ## - ДРУГИЕ СИСТЕМНЫЕ НОМЕРА |
| Идентификатор записи |
(NLR Aleph) 005925409 |
| 100 ## - ДАННЫЕ ОБЩЕЙ ОБРАБОТКИ |
| Данные общей обработки |
20031121d1985 u |0rusy50 ca |
| 101 0# - ЯЗЫК РЕСУРСА |
| Язык текста, звукозаписи и т.д. |
русский |
| 102 ## - СТРАНА ПУБЛИКАЦИИ ИЛИ ПРОИЗВОДСТВА |
| Страна публикации |
Российская Федерация |
| 105 ## - ПОЛЕ КОДИРОВАННЫХ ДАННЫХ: ТЕКСТОВЫЕ МАТЕРИАЛЫ, МОНОГРАФИЧЕСКИЕ |
| Кодированные данные о монографическом текстовом документе |
a ||||||||| |
| 200 1# - ЗАГЛАВИЕ И СВЕДЕНИЯ ОБ ОТВЕТСТВЕННОСТИ |
| Основное заглавие |
"Дзэйцхар мигчжан" - памятник тибетской медицины |
| Первые сведения об ответственности |
АН СССР, Сиб. отд-ние, Бурят. фил., Ин-т биологии |
| Последующие сведения об ответственности |
[Пер., коммент. С.М. Баторовой, Г.П. Яковлева] |
| -- |
Отв. ред. Б.Б. Бадараев |
| 210 ## - ПУБЛИКАЦИЯ, РАСПРОСТРАНЕНИЕ И ДР. |
| Место издания, распространения и т.д. |
Новосибирск |
| Имя издателя, распространителя и т. д. |
Наука. Сиб. отд-ние |
| Дата издания, распространения и т.д. |
1985 |
| 215 ## - ФИЗИЧЕСКАЯ ХАРАКТЕРИСТИКА |
| Специфическое обозначение материала и объем |
88 с. |
| Другие сведения о физической характеристике |
ил. |
| Размеры |
21 |
| 320 ## - ПРИМЕЧАНИЯ О НАЛИЧИИ В ДОКУМЕНТЕ БИБЛИОГРАФИИ / УКАЗАТЕЛЯ |
| Текст примечания |
Библиогр.: с. 81-82 |
| 320 ## - ПРИМЕЧАНИЯ О НАЛИЧИИ В ДОКУМЕНТЕ БИБЛИОГРАФИИ / УКАЗАТЕЛЯ |
| Текст примечания |
Указ. латин. и тибет. назв. растений: с. 83-87 |
| 702 #1 - ИМЯ ЛИЦА - ВТОРИЧНАЯ ОТВЕТСТВЕННОСТЬ |
| Начальный элемент ввода |
Бадараев |
| Часть имени, кроме начального элемента ввода |
Б.-Д. Б. |
| Даты |
1929-1987 |
| Расширение инициалов личного имени |
Бал-Доржи Бадараевич |
| Идентификатор авторитетной/нормативной записи |
RU\NLR\AUTH\770254902 |
| Код отношения |
Редактор |
| 702 #1 - ИМЯ ЛИЦА - ВТОРИЧНАЯ ОТВЕТСТВЕННОСТЬ |
| Начальный элемент ввода |
Баторова |
| Часть имени, кроме начального элемента ввода |
С. М. |
| Код отношения |
Переводчик |
| 712 02 - НАИМЕНОВАНИЕ ОРГАНИЗАЦИИ - ВТОРИЧНАЯ ОТВЕТСТВЕННОСТЬ |
| Начальный элемент ввода |
Институт биологии |
| Идентифицирующий признак |
Улан-Удэ |
| Идентификатор авторитетной/нормативной записи |
RU\NLR\AUTH\8810001915 |
| 801 #0 - ИСТОЧНИК ЗАПИСИ |
| Страна |
Российская Федерация |
| Организация |
NLR |
| Правила каталогизации |
psbo |
| 801 #1 - ИСТОЧНИК ЗАПИСИ |
| Страна |
Российская Федерация |
| Организация |
ELAR |
| Источник данных |
rusmarc |
| 852 ## - МЕСТОНАХОЖДЕНИЕ И ШИФР ХРАНЕНИЯ |
| Идентификатор организации |
NLR |
| Шифр хранения (Call Number) |
ОЛСАА |
| 942 ## - ДОПОЛНИТЕЛЬНЫЕ ЭЛЕМЕНТЫ ЗАПИСИ (АБИС) |
| Тип экземпляра АБИС |
Книга |
| 980 ## - КОЛЛЕКЦИЯ |
| Название коллекции |
Национальная библиография |